LIBRARY & INFORMATION CENTRE, KCAET, TAVANUR

ONLINE PUBLIC ACCESS CATALOGUE (OPAC)

Practical English Grammar for Foriegn Students / (Record no. 8890)

MARC details
000 -LEADER
fixed length control field 00348cam a2200133ua 4500
082 ## - DEWEY DECIMAL CLASSIFICATION NUMBER
Classification number 425
Item number THO/PR
100 ## - MAIN ENTRY--AUTHOR NAME
Personal name Thomas, A J .
245 ## - TITLE STATEMENT
Title Practical English Grammar for Foriegn Students /
250 ## - EDITION STATEMENT
Edition statement 1 /
260 ## - PUBLICATION, DISTRIBUTION, ETC. (IMPRINT)
Place of publication London :
Name of publisher Oxford University Press ,
Year of publication 1964.
300 ## - PHYSICAL DESCRIPTION
Number of Pages 311 ; .
700 1# - ADDED ENTRY--PERSONAL NAME
Personal name Martinet, A V .
942 ## - ADDED ENTRY ELEMENTS (KOHA)
Koha item type Books
Holdings
Withdrawn status Lost status Damaged status Home library Current library Date acquired Full call number Accession Number Koha item type
      KAUAET KAUAET 07/04/2012 425 10996 Books
Withdrawn     KAUAET Malayalam University 07/04/2012 425 5051 Books
Withdrawn     KAUAET Sanskrit University 07/04/2012 425 10968 Books
free website counter